<?xml version="1.0" encoding="UTF-8"?>
<record
    xmlns:xsi="http://www.w3.org/2001/XMLSchema-instance"
    xsi:schemaLocation="http://www.loc.gov/MARC21/slim http://www.loc.gov/standards/marcxml/schema/MARC21slim.xsd"
    xmlns="http://www.loc.gov/MARC21/slim">

  <leader>00803nam a2200217 a 4500</leader>
  <controlfield tag="001">BRCA_6351</controlfield>
  <controlfield tag="005">20190321142937.0</controlfield>
  <controlfield tag="008">180811s1911----gw-af#####---#000-0#ger-#</controlfield>
  <datafield tag="041" ind1=" " ind2=" ">
    <subfield code="a">ger</subfield>
  </datafield>
  <datafield tag="044" ind1=" " ind2=" ">
    <subfield code="a">gw</subfield>
  </datafield>
  <datafield tag="050" ind1=" " ind2="4">
    <subfield code="b">.Z56 1911</subfield>
  </datafield>
  <datafield tag="100" ind1="1" ind2=" ">
    <subfield code="a">Zimmern, Froben Christoph von</subfield>
    <subfield code="d">1519-1566</subfield>
    <subfield code="9">15921</subfield>
  </datafield>
  <datafield tag="245" ind1="1" ind2="0">
    <subfield code="a">Aus der Chronika derer von zimmern</subfield>
    <subfield code="b">Historien und Kuriosa aus sechs Jahrhuderten deutschen Lebens</subfield>
    <subfield code="c">Urkundlich erzahlt  von Graf Froben Christoph von Zimmern ; Johannes M&#xFC;ller. Herausgegeben von Bernhard Ihringer.</subfield>
  </datafield>
  <datafield tag="260" ind1=" " ind2=" ">
    <subfield code="a">Ebenhausen-M&#xFA;nich ; Leipzig</subfield>
    <subfield code="b">Langewiesche-Brandt</subfield>
    <subfield code="c">1911</subfield>
  </datafield>
  <datafield tag="300" ind1=" " ind2=" ">
    <subfield code="a">509 p.</subfield>
    <subfield code="b">il., grabados</subfield>
    <subfield code="c">19 cm.</subfield>
  </datafield>
  <datafield tag="500" ind1=" " ind2=" ">
    <subfield code="a">K129</subfield>
  </datafield>
  <datafield tag="651" ind1=" " ind2="4">
    <subfield code="a">Alemania</subfield>
    <subfield code="x">Vida social y costumbres</subfield>
    <subfield code="9">15922</subfield>
  </datafield>
  <datafield tag="700" ind1="1" ind2=" ">
    <subfield code="a">Ihringer, Bernhard</subfield>
    <subfield code="e">ed.</subfield>
    <subfield code="9">15923</subfield>
  </datafield>
  <datafield tag="902" ind1=" " ind2=" ">
    <subfield code="a">GFM</subfield>
  </datafield>
  <datafield tag="942" ind1=" " ind2=" ">
    <subfield code="2">lcc</subfield>
    <subfield code="c">B</subfield>
  </datafield>
  <datafield tag="999" ind1=" " ind2=" ">
    <subfield code="c">6037</subfield>
    <subfield code="d">6037</subfield>
  </datafield>
  <datafield tag="952" ind1=" " ind2=" ">
    <subfield code="0">0</subfield>
    <subfield code="1">0</subfield>
    <subfield code="4">0</subfield>
    <subfield code="7">0</subfield>
    <subfield code="a">BRCA</subfield>
    <subfield code="b">BRCA</subfield>
    <subfield code="d">2011-08-17</subfield>
    <subfield code="i">K129</subfield>
    <subfield code="l">0</subfield>
    <subfield code="o">.Z56 1911 (K129)</subfield>
    <subfield code="p">6798</subfield>
    <subfield code="r">2019-03-22 00:00:00</subfield>
    <subfield code="w">2019-03-22</subfield>
    <subfield code="y">B</subfield>
  </datafield>
</record>
